Normal view MARC view
  • Krautheim M Ed

Entry Personal Name

Number of records used in: 1

001 - CONTROL NUMBER

  • control field: 25658

003 - CONTROL NUMBER IDENTIFIER

  • control field: OSt

005 - DATE AND TIME OF LATEST TRANSACTION

  • control field: 20220803172554.0

008 - FIXED-LENGTH DATA ELEMENTS

  • fixed length control field: 220803|| aca||aabn | a|a d

040 ## - CATALOGING SOURCE

  • Original cataloging agency: OSt
  • Transcribing agency: OSt

100 ## - HEADING--PERSONAL NAME

  • Personal name: Krautheim M Ed

670 ## - SOURCE DATA FOUND

  • Source citation: Work cat.: (OSt)16424: Krautheim M Ed., City And Wind Climate As An Architectural Instrument, 2014